[Event "Cardiff Welsh Spring op"]
[Site "Cardiff"]
[Date "2023.03.05"]
[Round "5"]
[White "Gorman, Claire"]
[Black "Powell Jones, Liam"]
[Result "0-1"]
[WhiteElo "1247"]
[BlackElo "1250"]
[PlyCount "48"]
[EventDate "2023.03.04"]
[EventType "swiss"]
[EventRounds "5"]
[EventCountry "WLS"]
[SourceTitle "EXT 2024"]
[Source "ChessBase"]
[SourceDate "2023.10.10"]
[SourceVersion "1"]
[SourceVersionDate "2023.10.10"]
[SourceQuality "1"]

1. e4 c6 2. Nc3 d5 3. d4 e6 4. exd5 exd5 5. Qe2+ Be7 6. Bf4 Nf6 7. Bxb8 Rxb8 8. 0-0-0 0-0 9. a3 Re8 10. Nf3 Bxa3 11. Qd3 Bb4 12. Na2 a5 13. c3 Bd6 14. Be2 g6 15. g3 Bf5 16. Qd2 Ne4 17. Qe1 a4 18. Qf1 a3 19. b4 b6 20. Bd3 c5 21. dxc5 bxc5 22. Bxe4 Bxe4 23. Qg2 cxb4 24. cxb4 Qc8+ 0-1